Svinský príbeh

Bibliographic Details
Main Author: Darrieussecq, Marie, 1969- (Author)
Other Authors: Kubiš, Ladislav (Translator)
Format: Article
Language:Slovak
Subjects:

MARC

LEADER 00000nab a2200000 a 4500
001 vtls000640785
003 SK-MaSNL
005 20260304091850.0
008 250425c1997 xo 0 slo
015 |a SNBRB19rr/mm-uuuuu 
035 |a CL0640924 
035 |a urn:nbn:sk:snk-abbr9g 
035 |a (urnnbn)urn:nbn:sk:snk:ar-0053yy 
035 |a (uuid)3180cee2-9440-460a-a658-489ef34bac07 
040 |a SNKBUCL  |b slo  |c SNKBUCL  |e AACR2 
041 0 |a slo 
044 |a xo  |c SK 
080 |a 840-3  |2 1981 
100 1 |a Darrieussecq, Marie,  |d 1969-  |4 aut  |9 98015 
245 1 0 |a Svinský príbeh  |c Marie Darrieussecq ; Prekl. Ladislav Kubiš 
650 0 7 |a romány spoločenské  |2 snkbucl  |9 402806 
650 0 7 |a romány fantastické  |2 snkbucl  |9 442843 
655 7 |a články z novín a časopisov  |2 snkbucl  |9 267496 
700 1 |a Kubiš, Ladislav  |4 trl  |9 10322 
773 0 |t Revue svetovej literatúry  |g Roč. 33, č. 3 (1997), s. 68-83  |x 0231-6269 
850 |a Slovenská národná knižnica 
852 |a Slovenská národná knižnica 
958 |a article15 
958 |a LX 
958 |a FR 
958 |a RK 
958 |a OND 
958 |a EUIPO 
992 |a RBX 
999 |c 2817153  |d 2819083